| 000 | 00766nam a2200241 a 4500 | ||
|---|---|---|---|
| 999 |
_c6187 _d6187 |
||
| 001 | 6187 | ||
| 003 | BD-JhCC | ||
| 005 | 20180118104707.0 | ||
| 008 | 171023s2011 bg a|||| |||| 000 0 ben d | ||
| 020 | _a9789845020077 | ||
| 035 | _a(BD-JhCC)6187 | ||
| 040 |
_aBD-JhCC _dBD-JhCC |
||
| 041 | _aben | ||
| 082 |
_a910.4 _bCHA 2011 |
||
| 100 | _aচক্রবর্তী, বরেন | ||
| 245 |
_aআইনস্টাইনের বাড়ি ভ্যানগঘের হলুদ ভুবন / _cবরেন চক্রবর্তী |
||
| 260 |
_aঢাকা : _bঅন্যপ্রকাশ, _c২০১১. |
||
| 300 |
_a414 পৃ. ; _c২২ সে.মি. |
||
| 650 | _aTravelogue | ||
| 650 | _aArts | ||
| 942 |
_2ddc _cBK |
||